| 000 | 00589nam a2200241Ia 4500 | ||
|---|---|---|---|
| 008 | 171025s9999 xx 000 0 und d | ||
| 020 | _a9780439643573 | ||
| 050 | _a364 | ||
| 050 | _bZ947 1998 | ||
| 100 | _aZullo, Allan | ||
| 245 | _aWorld's dumbest crooks : | ||
| 245 | _band other true tales of bloopers, botches & blunders / | ||
| 245 | _cby Allan Zullo. | ||
| 260 | _aNew York : | ||
| 260 | _bScholastic, | ||
| 260 | _c1998 | ||
| 300 | _a96 pages : | ||
| 300 | _billustrations ; | ||
| 300 | _c19cm. | ||
| 650 | _aCrime. | ||
| 650 | _aCriminals. | ||
| 700 | _aTitle. | ||
| 999 |
_c344944 _d344944 |
||